Bronislaw Malinowski: man and culture: an evaluation of the work of Malinowski (Record no. 120375)

MARC details
000 -LEADER
fixed length control field 00590nam a2200193Ia 4500
008 - FIXED-LENGTH DATA ELEMENTS--GENERAL INFORMATION
fixed length control field 191130s2002##################000#0#eng##
020 ## - INTERNATIONAL STANDARD BOOK NUMBER
ISBN 9780415267175
082 ## - DEWEY DECIMAL CLASSIFICATION NUMBER
Classification number 301.092 FIR
245 ## - TITLE STATEMENT
Title Bronislaw Malinowski: man and culture: an evaluation of the work of Malinowski
Statement of responsibility, etc edited by Raymond Firth
260 ## - PUBLICATION, DISTRIBUTION, ETC. (IMPRINT)
Place of publication London ; New York
Name of publisher Routledge
Year of publication 2002
300 ## - PHYSICAL DESCRIPTION
Number of Pages viii, 292 p. ; 23 cm.
500 ## - GENERAL NOTE
General note Includes Index
650 ## - SUBJECT ADDED ENTRY--TOPICAL TERM
Topical Term Social Science
700 ## - ADDED ENTRY--PERSONAL NAME
Personal name Firth, Raymond
991 ## -
-- 210916
Holdings
Withdrawn status Lost status Damaged status Not for loan Home library Current library Shelving location Date acquired Full call number Accession Number Price effective from Koha item type
        Anna Centenary Library Anna Centenary Library 3RD FLOOR, B WING 12.10.2020 301.092 FIR 178156 12.10.2020 English Books

Find us on the map